000
00314nam a22001217a 4500
008
231127b |||||||| |||| 00| 0 eng d
020
_a
0805388893
100
_a
ALLYN J.
245
_a
BASIC TECHNICAL MATHEMATICS WITH CULCULUS
260
_a
REDWOOD CITY
_b
THE BENJAMIN
300
_a
XVIII,997P
942
_2
lcc
_c
BK
999
_c
208483
_d
208483